000 00884nas a2200241 4500
001 BR9206230
003 BR-BrBNA
005 20231205092912.0
007 ta
008 230509b bl.|||p| |||| 00| 00por d
040 _aBR-BrBNA
_bpor
_cBiblioteca Nacional de Agricultura
041 _a(Pt)
072 _aF70
100 1 _aVieira, M. das G.G.
245 1 _aContribuicao ao estudo taxonomico do genero Crudia Schreber (Caesalpiniaceae)na Amazonia brasileira
246 1 _a[Contribution of taxonomic study of the genus Crudia Schreber (Caesalpiniaceae)in the brazilian Amazonia!
650 _aARVORE ANGIOSPERMA
650 _aTAXONOMIA VEGETAL
650 _aAMAZONIA
773 0 _tBoletim do Museu Paraense Emilio Goeldi. Serie Botanica (Brazil)
_xISSN 0077-2216
_g(Jul 1990), v. 6(1) p. 83-112
_wBR9206230
909 _a202311
_bLúcia
_c55
_dLúcia Elande
942 _2AGRIS
_n0
_cANA
999 _c134995
_d134995